000 00517nam a2200193 a 4500
001 3377
005 20140414131922.0
008 040109s19uu xx 00 eng d
020 _a0-590-10294-x
050 _aER
_bW55
100 _aAadema, Verna
245 _aWhy mosquitoes buzz in people's ears /
_cVerna Aadema.
260 _aNew York, Toronto, Sydney :
_bScholastic ,
_c1975.
300 _ap. ; cm.
650 _aMosquitoes
_xFiction.
650 _aChildren stories.
999 _c111825
_d111825